00906nam a22002531a 450000100060000000300080000600500170001400800410003103500190007203500190009104000440011004100080015408200260016210000350018824500950022326000400031830000370035849000330039550400500042860000350047865100510051370000520056474000360061628107BD-RjUL20211209051235.0140329s1964 ilua b 001 0aeng  a(BD-RjUL)28188 a(OCoLC)1513859 aDLCcFJdOCoLCdPPiUdDLCdBD-RjULbeng aeng00a976.3062092bLOE 19641 aLong, Huey Pierce,d1893-1935.10aEvery man a king :bthe autobiography of Huey P Long /cIntroduction by T. Harry Williams. aChicago :bQuadrangle Books,c1964. axxviii, 348 p. :bill. ;c22 cm.0 aQuadrangle paperbacks ;vQP8 aIncludes bibliographical footnotes and index.10aLong, Huey Pierce,d1893-1935. 0aLouisianaxPolitics and governmenty1865-1950.1 aWilliams, T. Harryq(Thomas Harry),d1909-1979.4 aThe autobiography of Huey Long.